000 00530nam a22001577a 4500
008 131016b xxu||||| |||| 00| 0 eng d
082 _221 ed.
_a347.017 HAN
100 _aEdited by Menon, N.R. Madhava
245 _aA hand book on clinical legal education /
_cEdited by N.R. Madhava Menon
260 _aLucknow :
_bEastern book Company
_c2011
300 _axxiii, 312 P. ;
_c24 cm.
500 _aIncludes Index
650 _aClinical legal education
650 _aA hand book on clinical legal education
942 _2ddc
_cBK
999 _c5781
_d5781